000
00274nam a22001217a 4500
008
210224b ||||| |||| 00| 0 eng d
041
_a
eng
080
_2
5th
_a
159.9
100
_a
49
101
_a
PSI
245
_a
Exploring Social Psychology
_c
Myers, G.D
942
_2
udc
_c
BK
999
_c
55171
_d
55171